| 000 | 00545nam a2200181Ia 4500 | ||
|---|---|---|---|
| 005 | 20250326143215.0 | ||
| 008 | 250326s9999 xx 000 0 und d | ||
| 037 | _aTextbook | ||
| 040 |
_aFMSL _beng _cFMSL |
||
| 041 |
_aeng _2eng |
||
| 084 |
_aY:434obX:89ZB P4 _qFMSL |
||
| 100 |
_aAurora G S _9152120 |
||
| 245 | 0 |
_aPoverty and economic reforms : social concern _cAurora G S |
|
| 260 |
_aNew Delhi _bNew Delhi, Academic Foundation _c2004 |
||
| 300 | _a338p | ||
| 942 |
_cTB _hY:434obX:89ZB P4 |
||
| 999 |
_c1298597 _d1298597 |
||